[Event "ESP-ch U14 rapid"]
[Site "Salobrena"]
[Date "2024.07.20"]
[Round "1"]
[White "Collado Moral, Adrian"]
[Black "Ibanez Cruces, Diego"]
[Result "0-1"]
[WhiteElo "1586"]
[BlackElo "1848"]
[PlyCount "68"]
[EventDate "2024.07.20"]
[EventType "swiss (rapid)"]
[EventRounds "9"]
[EventCountry "ESP"]
[SourceTitle "CBM 221 Extra"]
[Source "ChessBase"]
[SourceDate "2024.09.30"]
[SourceVersion "1"]
[SourceVersionDate "2024.09.30"]
[SourceQuality "1"]

1. d4 Nf6 2. Nf3 e6 3. e3 d5 4. Bd3 Be7 5. 0-0 0-0 6. b3 Nbd7 7. Bb2 c5 8. Nbd2 b6 9. Ne5 Bb7 10. f4 Ne4 11. Rf3 f6 12. Ng4 Rc8 13. Rh3 Qe8 14. c4 Bd6 15. Qc2 cxd4 16. exd4 f5 17. Ne5 Nxe5 18. fxe5 Bb4 19. Nf3 Qg6 20. a3 Be7 21. Rf1 dxc4 22. bxc4 Ng5 23. Nxg5 Bxg5 24. Rg3 Qh6 25. Bc1 Bxc1 26. Rxc1 Rc7 27. Rf1 Rfc8 28. Qa4 Bc6 29. Qb3 Qh4 30. d5 exd5 31. cxd5 Qd4+ 32. Kh1 Bxd5 33. Qb5 Rc5 34. Qd7 Bxg2+ 0-1